Nations with the Oldest Cities - Statistics

General Stats
  • This quiz has been taken 118 times
    95 since last reset
  • The average score is 14 of 18
Answer Stats
Approximate Year Founded Answer % Correct
5000 BCE Greece (Argos)
96%
1900 BCE China (Yanshi)
95%
before 2000 BCE Turkey (Ankara)
95%
3000 BCE Iran (Rey)
93%
2300 BCE (or older) Iraq (Erbil or Kirkuk)
93%
4000 BCE Italy (Genoa)
93%
3200 BCE Egypt (Luxor)
92%
2000 BCE India (Rajgir)
92%
2000 BCE Israel (Jaffa or Acre)
89%
1104 BCE Spain (Cadiz)
88%
3000 BCE Lebanon (Byblos)
82%
1200 BCE Portugal (Lisbon)
70%
1300 BCE Afghanistan (Balkh)
68%
1200 BCE Algeria (Annaba)
68%
1000 BCE Georgia (Mtskheta)
58%
1400 BCE Cyprus (Larnaca)
57%
1000 BCE Croatia (Zadar)
42%
2000 BCE Kazakhstan (Sayram)
30%
No matching quizzes found
Score Distribution
Percent of People with Each Score
Percentile by Number Answered
Your Score History
You have not taken this quiz since the last reset